000 00440pab a2200169 454500
008 180718b1985 xxu||||| |||| 00| 0 eng d
100 _aGinter, Peter M.
245 _aPlanners perceptions of the strategic management process (1)
260 _c1985
300 _a581-96
362 _aNov.
650 _aManagement
700 _aW. Jack Duncan
700 _aAndrew C. Rucks
773 _aJournal of Management Studies
909 _a13006
999 _c13006
_d13006